00425nam a2200181Ia 4500008004000000020001800040041000800058082001700066100002000083245003600103260004100139300001100180650001100191650001100202650001200213650001000225650000800235210210b2012 xxu||||| |||| 00| 0 eng d a9788184114034 aeng a361.614 SINA aSINGH (Kuldeep) aHuman rights and social justice aNew DelhibSonali Publicationsc2012 av, 248 asocial arights ajustice aHuman aand